000 01520nam a2200445Ii 4500
001 DIGSLX0101
003 NyNyDIG
006 m o d
007 cr |||||||||||
008 100625s2004 sp a ob 000 0 eng d
020 _z8485041402
020 _z9788485041404
035 _a(OCoLC)888277628
040 _aDGITA
_beng
_epn
_cDGITA
041 _aeng
_hspa
043 _ae-sp---
050 1 4 _aGN772.22.S7 eBook
100 1 _aGarcía Guinea, Miguel Angel.
245 1 0 _aAltamira /
_cMiguel Angel García Guinea ; [translated from Spanish by Lynne Polak].
264 1 _aMadrid :
_bSílex,
_cc2004.
300 _a1 online resource (209 pages) :
_bill.
336 _atext
_btxt
_2rdacontent
337 _acomputer
_bc
_2rdamedia
338 _aonline resource
_bcr
_2rdacarrier
500 _aTitle on cover: Altamira and other Cantabrian caves.
504 _aIncludes bibliographical references (p. 201-203).
650 0 _aCaves
_zSpain
_zCantabria.
650 0 _aCave paintings
_zSpain
_zCantabria.
650 0 _aPaleolithic period
_zSpain
_zCantabria.
650 0 _aPetroglyphs
_zSpain
_zCantabria.
651 0 _aAltamira Cave (Spain)
651 0 _aSpain
_xAntiquities.
651 0 _aCantabria (Spain)
_xAntiquities.
655 0 _aElectronic books.
791 2 _aDigitalia (Firm),
_edistributor.
793 0 _gDigitalia eBook Collection:
_aSílex.
856 4 0 _3Digitalia Hispánica
_uhttps://www.digitaliapublishing.com/a/8983/
910 _aPremium Collection: 2007-2012
942 _cRAA
999 _c232015
_d232015